00227nam a2200085Ia 4500008004100000245003200041260004200073260000900115999001700124170620s9999 xx 000 0 und d 0aMethods of Teaching History bNew Delhi- Discovery Publishing House c2006 c24463d24463